000 00315nam a2200133Ia 4500
008 240624s9999 xx 000 0 und d
041 _aeng
082 _a828 MOD
100 _aMODIANO PATRICK
245 _aOCCUPATION TRILOGY
260 _c2015
_aLondon
_bBloomsbury
300 _a336 : p. : cm. ; 24
365 _cRS
999 _c25848
_d25848